[Event "Indywidualne Mistrzostwa Polski do lat 20"]
[Site "Osrodek „SUDETY”, Pokrzywna 75"]
[Date "1899-12-30"]
[Round "5.20"]
[White "Bojczewski, Mateusz"]
[Black "Maslanka, Wojciech"]
[Result "0-1"]
[WhiteTitle "I+"]
[BlackTitle "I"]
[WhiteElo "1868"]
[BlackElo "1907"]

1. c4 e6 2. g3 Nf6 3. Bg2 d5 4. cxd5 exd5 5. d4 c6 6. Nc3 Bf5 7. Nf3 Nbd7 8. Bf4
Ne4 9. Qb3 Nxc3 10. Qxc3 Be7 11. Rc1 Qb6 12. O-O O-O 13. a3 a5 14. Nd2 Bf6 15.
Be3 a4 16. Rfd1 Ra5 17. Nf3 Rb5 18. Bf4 Rb3 19. Qe1 Rxb2 20. Bd6 Re8 21. e3 Be7
22. Bxe7 Rxe7 23. Nh4 Bg6 24. Nxg6 hxg6 25. Rb1 Nf6 26. Rxb2 Qxb2 27. Qb4 Qxb4
28. axb4 Re8 29. Kf1 Ra8 30. Ra1 Kf8 31. Ke2 Ke7 32. h3 Kd6 33. Kd3 Nd7 34. Kc3
b5 35. Bf1 g5 36. Bd3 Rh8 37. Rh1 Nf6 38. f4 gxf4 39. exf4 Re8 40. Kd2 Nh5 41.
Rg1 a3 42. Bb1 Nf6 43. Rg2 Rh8 44. h4 Ne4+ 45. Kd3 Ra8 46. g4 Ra4 47. Ra2 Rxb4
48. Bc2 Nf2+ 0-1

[Event "Indywidualne Mistrzostwa Polski do lat 20"]
[Site "Osrodek „SUDETY”, Pokrzywna 75"]
[Date "1899-12-30"]
[Round "5.21"]
[White "Kutowski, Marcel"]
[Black "Bartodziej, Bartosz"]
[Result "1/2-1/2"]
[WhiteTitle "I+"]
[BlackTitle "I"]
[WhiteElo "1894"]
[BlackElo "1805"]

1. e4 c5 2. Nf3 d6 3. Bb5+ Nd7 4. c4 Ngf6 5. Nc3 g6 6. d3 Bg7 7. h3 O-O 8. Ba4
a6 9. Be3 Rb8 10. O-O Ne8 11. d4 cxd4 12. Bxd4 Bxd4 13. Qxd4 Nc7 14. Bxd7 Bxd7
15. Rad1 Ne6 16. Qe3 b5 17. e5 Bc6 18. exd6 Bxf3 19. dxe7 Qxe7 20. Qxf3 Rfc8 21.
cxb5 axb5 22. Rfe1 Kg7 23. a3 Qf6 24. Qxf6+ Kxf6 25. Nd5+ Kg7 26. Nb4 Rd8 27.
g3 Nc5 28. Kg2 Na4 29. b3 Nc5 30. Nc6 Rxd1 31. Rxd1 Ra8 32. b4 Ne4 33. Rd3 Rc8
34. Nd4 Nc3 35. Nb3 Ne4 36. Nd4 Nc3 37. Nb3 Ne4 38. Nd2 Nf6 39. Nf3 Ne4 40. Nd2
Nf6 41. Kf3 Rc7 42. Ne4 Nd7 43. Rd5 Ra7 44. Kg2 f5 45. Nc3 Nf6 46. Rxb5 Rxa3 47.
Rc5 Rb3 48. b5 Kf7 49. Rc7+ Ke6 50. Rc6+ Ke5 51. f4+ Kd4 52. Rxf6 Kxc3 53. h4
Rxb5 54. Rf7 Kd4 55. Rxh7 Rb2+ 56. Kh3 Ke4 57. h5 Kf3 58. hxg6 Rg2 59. Kh4 1/2-1/2

[Event "Indywidualne Mistrzostwa Polski do lat 20"]
[Site "Osrodek „SUDETY”, Pokrzywna 75"]
[Date "1899-12-30"]
[Round "5.22"]
[White "Paprocki, Antoni"]
[Black "Lechowski, Witold"]
[Result "1/2-1/2"]
[WhiteTitle "I++"]
[BlackTitle "II"]
[WhiteElo "1889"]
[BlackElo "1701"]

1. Nf3 Nf6 2. c4 g6 3. g3 Bg7 4. d4 O-O 5. Bg2 d5 6. cxd5 Nxd5 7. O-O Re8 8. e4
Nb6 9. h3 Nc6 10. d5 Nb8 11. Nc3 c6 12. dxc6 Nxc6 13. Qe2 Be6 14. Rd1 Qc8 15.
Kh2 Nb4 16. Ne1 Bc4 17. Qf3 Nc6 18. b3 Be2 19. Qxe2 Bxc3 20. Bb2 Bxb2 21. Qxb2
Rd8 22. Nc2 Qc7 23. Ne3 Qe5 24. Qxe5 Nxe5 25. f4 Nc6 26. e5 Rxd1 27. Rxd1 Rd8
28. Rxd8+ Nxd8 29. Nc2 Kf8 30. Kg1 Ke8 31. Kf2 Kd7 32. Nd4 Nc6 33. Nxc6 bxc6 34.
Ke3 1/2-1/2

[Event "Indywidualne Mistrzostwa Polski do lat 20"]
[Site "Osrodek „SUDETY”, Pokrzywna 75"]
[Date "1899-12-30"]
[Round "5.23"]
[White "Maciejewski, Kamil"]
[Black "Marciniak, Leonard"]
[Result "1-0"]
[WhiteTitle "I++"]
[BlackTitle "I+"]
[WhiteElo "1884"]
[BlackElo "1738"]

1. Nf3 d5 2. g3 Nd7 3. d4 Ngf6 4. Bg2 e6 5. O-O b5 6. a4 c6 7. Ne5 Bb7 8. axb5
cxb5 9. Qd3 a6 10. Nxd7 Qxd7 11. Nd2 Be7 12. Nf3 O-O 13. Ne5 Qc7 14. Bd2 Rac8
15. Rfc1 Bd6 16. Ba5 Qe7 17. Qb3 Rfe8 18. e3 h5 19. Nd3 Rc4 20. c3 e5 21. Bb4
Bxb4 22. Nxb4 exd4 23. exd4 Qd6 24. Nd3 Rc7 25. Re1 Rxe1+ 26. Rxe1 Re7 27. Re5
Ng4 28. Rxe7 Qxe7 29. h3 Nf6 30. Qd1 Qd6 31. Qe2 g6 32. Nc5 Bc8 33. Qe5 Qc6 34.
Nd3 a5 35. Qe7 Qe6 36. Qd8+ Kg7 37. Ne5 a4 38. h4 Qf5 39. Bxd5 Nxd5 40. Qxd5 Be6
41. Qb7 Qb1+ 42. Kg2 Bc4 43. Nxc4 bxc4 44. Qb4 Qe4+ 45. Kh2 Qe2 46. Qb7 Qxf2+
47. Qg2 Qe3 48. Qc2 Qd3 49. Qf2 a3 50. bxa3 Qxc3 51. a4 Qd3 52. Qf4 c3 53. Qe5+
Kh7 54. Qc7 Qe2+ 55. Kg1 Qd1+ 56. Kg2 Qc2+ 57. Kg1 Qd1+ 58. Kg2 Qe2+ 59. Kg1 Qe1+
60. Kg2 Qd2+ 61. Kh3 Qxd4 62. Qxf7+ Qg7 63. Qc4 Qd7+ 64. Kg2 Qd2+ 65. Kf3 Kg7
66. Qc7+ Kf6 67. Qb6+ Ke5 68. Qe3+ Kd5 69. Qxd2+ cxd2 70. Ke2 Kc4 71. Kxd2 Kb4
72. Ke3 Kxa4 73. Kf4 Kb5 74. Kg5 1-0

[Event "Indywidualne Mistrzostwa Polski do lat 20"]
[Site "Osrodek „SUDETY”, Pokrzywna 75"]
[Date "1899-12-30"]
[Round "6.1"]
[White "Pacan-milej, Kosma"]
[Black "Kozak, Antoni"]
[Result "1/2-1/2"]
[WhiteTitle "FM"]
[BlackTitle "m"]
[WhiteElo "2401"]
[BlackElo "2356"]

1. d4 d5 2. c4 e6 3. Nc3 c6 4. e3 Nf6 5. Nf3 Nbd7 6. Qc2 Bd6 7. g4 h6 8. Bd2 a6
9. g5 hxg5 10. Nxg5 e5 11. c5 Be7 12. O-O-O Ng8 13. f4 e4 14. h4 Ndf6 15. Na4
Bg4 16. Re1 Nd7 17. Be2 Bf5 18. Reg1 Nh6 19. Qd1 Bf6 20. Qe1 Qc8 21. Ba5 b5 22.
Nc3 Bd8 23. Bxd8 Qxd8 24. Nd1 Nf6 25. Nf2 Qd7 26. Qd1 a5 27. h5 Qe7 28. Ngh3 Kf8
29. Rg5 Bd7 30. Rhg1 Nf5 31. Qd2 Rh7 32. Rh1 Re8 33. Rgg1 Rh8 34. Ng5 1/2-1/2

[Event "Indywidualne Mistrzostwa Polski do lat 20"]
[Site "Osrodek „SUDETY”, Pokrzywna 75"]
[Date "1899-12-30"]
[Round "6.2"]
[White "Kosakowski, Jakub"]
[Black "Niedbala, Bartlomiej"]
[Result "1/2-1/2"]
[WhiteTitle "IM"]
[BlackTitle "FM"]
[WhiteElo "2437"]
[BlackElo "2385"]

1. d4 Nf6 2. c4 e6 3. g3 d5 4. Bg2 Be7 5. Nf3 O-O 6. O-O dxc4 7. Qa4 c6 8. Qxc4
b5 9. Qc2 Bb7 10. Bg5 Nbd7 11. Nbd2 c5 12. Bxf6 gxf6 13. dxc5 Bxc5 14. Rad1 Rc8
15. Qb1 Qe7 16. Qd3 Bc6 17. Ne4 Rfd8 18. Nxc5 Qxc5 19. Qd2 Kg7 20. Nh4 Ne5 21.
Qxd8 Rxd8 22. Rxd8 Bxg2 23. Nxg2 Qc4 24. Nf4 Qxa2 25. b4 Qb2 26. Ra8 Ng6 27. Nxg6
Kxg6 28. e3 Qxb4 29. Rxa7 h5 30. h4 Qb2 31. Raa1 e5 32. Rfb1 Qe2 33. Ra5 Kf5 34.
Raxb5 Kg4 35. R5b2 Qa6 36. Kh2 f5 37. Rd2 Qc6 38. Rb4+ Kf3 39. Rb3 Qc4 40. Ra3
Qc1 41. Rda2 f6 42. e4+ Kxe4 43. Kg2 f4 44. gxf4 exf4 45. f3+ Kf5 46. Ra5+ Kg6
47. R5a4 Kf5 48. Re4 Qc5 49. Rd2 Qc6 50. Red4 Qc1 51. Re2 Qc6 52. Rd8 Qb7 53.
Rd4 Qg7+ 54. Kf1 Qb7 55. Kg2 1/2-1/2

[Event "Indywidualne Mistrzostwa Polski do lat 20"]
[Site "Osrodek „SUDETY”, Pokrzywna 75"]
[Date "1899-12-30"]
[Round "6.3"]
[White "Mis, Mieszko"]
[Black "Luczak, Filip"]
[Result "1-0"]
[WhiteTitle "FM"]
[BlackTitle "FM"]
[WhiteElo "2417"]
[BlackElo "2273"]

1. d4 d5 2. c4 c6 3. Nf3 Nf6 4. Qc2 dxc4 5. Qxc4 Bf5 6. g3 e6 7. Bg2 h6 8. O-O
Be7 9. Qb3 Qb6 10. Nbd2 O-O 11. Nc4 Qa6 12. Bf4 Rd8 13. Rfc1 Be4 14. Bf1 c5 15.
Ncd2 cxd4 16. Nxe4 Nxe4 17. Nxd4 Nc5 18. Qf3 Nbd7 19. b4 Qa4 20. bxc5 Qxd4 21.
Qxb7 Bxc5 22. e3 Qf6 23. Bc7 Rdc8 24. Rab1 Qe7 25. Bg2 Qf8 26. Qc6 Qe7 27. Qa6
Rxc7 28. Bxa8 Nb6 29. Be4 h5 30. a4 h4 31. a5 Nd7 32. Rb7 Nf8 33. Rxc7 Qxc7 34.
Qb5 Qe5 35. Bg2 hxg3 36. Qxc5 gxf2+ 37. Kh1 1-0

[Event "Indywidualne Mistrzostwa Polski do lat 20"]
[Site "Osrodek „SUDETY”, Pokrzywna 75"]
[Date "1899-12-30"]
[Round "6.4"]
[White "Fiedorek, Michal"]
[Black "Psyk, Radoslaw"]
[Result "0-1"]
[WhiteTitle "FM"]
[BlackTitle "k++"]
[WhiteElo "2337"]
[BlackElo "2412"]

1. e4 c5 2. Nf3 e6 3. d4 cxd4 4. Nxd4 a6 5. Bd3 Bc5 6. Nb3 Be7 7. Qg4 Bf6 8. O-O
Nc6 9. Qe2 d6 10. f4 Nge7 11. N1d2 Qc7 12. Nc4 b5 13. Ne3 Bb7 14. Ng4 h5 15. Nxf6+
gxf6 16. a4 Nb4 17. Be3 f5 18. Bd4 Rg8 19. Rf2 bxa4 20. Rxa4 Nxd3 21. cxd3 fxe4
22. Rc4 Qb8 23. dxe4 Bxe4 24. Bc3 Bxg2 25. Rxg2 Qxb3 26. Rxg8+ Nxg8 27. f5 e5
28. Qe4 Rd8 29. Ba5 Nf6 30. Qc6+ Rd7 31. Qa8+ Ke7 32. Rc8 Qd1+ 33. Kf2 Ng4+ 34.
Kg3 Qg1+ 0-1

[Event "Indywidualne Mistrzostwa Polski do lat 20"]
[Site "Osrodek „SUDETY”, Pokrzywna 75"]
[Date "1899-12-30"]
[Round "6.5"]
[White "Fus, Jakub"]
[Black "Sernecki, Franciszek"]
[Result "1-0"]
[WhiteTitle "FM"]
[BlackTitle "FM"]
[WhiteElo "2384"]
[BlackElo "2220"]

1. d4 Nf6 2. c4 e6 3. g3 d5 4. Bg2 dxc4 5. Nf3 Bb4+ 6. Bd2 c5 7. Bxb4 cxb4 8. Ne5
O-O 9. O-O Nc6 10. Bxc6 bxc6 11. a3 bxa3 12. Nxa3 Qd5 13. Naxc4 c5 14. dxc5 Qxc5
15. Ra5 Qc7 16. Qd6 Ne8 17. Qxc7 Nxc7 18. Nd6 f6 19. Rc1 Nd5 20. Nc6 Bd7 21. Nxa7
f5 22. Nb7 Rfb8 23. Nc5 Bc8 24. Nd3 Bd7 25. Rca1 Kf8 26. Nc5 Ke7 27. Nxd7 Kxd7
28. Nc6 Kxc6 29. Rxa8 Rxb2 30. R8a2 Rb3 31. Ra7 Rb2 32. R1a2 Rxa2 33. Rxa2 Kd6
34. Ra7 Ne7 35. f4 h6 36. Kf2 g6 37. Kf3 Nd5 38. Rh7 h5 39. Rg7 Ne7 40. e4 Kd5
1-0

[Event "Indywidualne Mistrzostwa Polski do lat 20"]
[Site "Osrodek „SUDETY”, Pokrzywna 75"]
[Date "1899-12-30"]
[Round "6.6"]
[White "Koziorowicz, Michal"]
[Black "Dalkowski, Rafal"]
[Result "1/2-1/2"]
[WhiteTitle "k+"]
[BlackTitle "k"]
[WhiteElo "2309"]
[BlackElo "2126"]

1. e4 c6 2. d4 d5 3. e5 Bf5 4. h4 h5 5. c4 e6 6. Nc3 Nd7 7. Nge2 Ne7 8. Ng3 Bg6
9. Bg5 f6 10. exf6 gxf6 11. Be3 Qb6 12. Rc1 O-O-O 13. Bd3 Kb8 14. O-O Bxd3 15.
Qxd3 dxc4 16. Qxc4 Nd5 17. Nxd5 cxd5 18. Qe2 Bd6 19. Nxh5 Ka8 20. g3 Rdg8 21.
Rfd1 Bb8 22. Kf1 Qd6 23. Nf4 Nb6 24. Ng2 Qd7 25. b3 Nc8 26. Qf3 Ne7 27. Nf4 Nf5
28. Rc3 Nd6 29. a4 Ne4 30. Rc2 Qh7 31. Rdc1 Qf7 32. Nd3 Nxg3+ 33. fxg3 Rxg3 34.
Qe2 Rxh4 35. Nf2 e5 36. Rc8 exd4 37. R1c7 Qg6 38. Qb5 Rg1+ 39. Ke2 Qh5+ 40. Kd3
Qg6+ 41. Ke2 Qh5+ 42. Kd3 1/2-1/2

[Event "Indywidualne Mistrzostwa Polski do lat 20"]
[Site "Osrodek „SUDETY”, Pokrzywna 75"]
[Date "1899-12-30"]
[Round "6.7"]
[White "Krawczyk, Flawian"]
[Black "Chylewski, Patryk"]
[Result "1-0"]
[WhiteTitle "I++"]
[BlackTitle "FM"]
[WhiteElo "2114"]
[BlackElo "2303"]

1. e4 c5 2. Nf3 e6 3. d4 cxd4 4. Nxd4 Nc6 5. Nc3 Qc7 6. Be2 a6 7. O-O Nf6 8. Be3
Be7 9. f4 d6 10. Qe1 O-O 11. Qg3 Nxd4 12. Bxd4 b5 13. a3 Bb7 14. Kh1 Rad8 15.
Rae1 Rd7 16. Bd3 Qd8 17. Qh3 g6 18. f5 e5 19. Be3 Nh5 20. Nd5 Bxd5 21. exd5 Nf4
22. Bxf4 exf4 23. Rxf4 Rc7 24. fxg6 hxg6 25. Ref1 Bg5 26. Bxg6 f6 27. Re4 Qd7
28. Bf5 Qe6 1-0

[Event "Indywidualne Mistrzostwa Polski do lat 20"]
[Site "Osrodek „SUDETY”, Pokrzywna 75"]
[Date "1899-12-30"]
[Round "6.8"]
[White "Kacprzak, Karol"]
[Black "Janeczko, Jakub"]
[Result "1-0"]
[WhiteTitle "k"]
[BlackTitle "I++"]
[WhiteElo "2226"]
[BlackElo "2091"]

1. e4 c5 2. Nf3 Nc6 3. d4 cxd4 4. Nxd4 e5 5. Nb5 d6 6. c4 Be6 7. N1c3 a6 8. Na3
g6 9. Nc2 Bg7 10. Be2 Nge7 11. Be3 O-O 12. O-O f5 13. f3 f4 14. Bf2 g5 15. Qd3
Qc7 16. Rfd1 Rad8 17. Nd5 Bxd5 18. cxd5 Nd4 19. Rac1 Rc8 20. Nxd4 Qxc1 21. Nc6
Rxc6 22. dxc6 Qxc6 23. Qxd6 Qxd6 24. Rxd6 Rc8 25. Rd1 Rc2 26. Bd3 Rc7 27. b3 Kf8
28. Bc4 Nc8 29. a4 Bf6 30. Rd5 Ke8 31. Kf1 Ne7 32. Rd6 Rc6 33. Rd2 Bg7 34. Ke2
Bf8 35. h3 Nc8 36. Rd5 Bd6 37. Rd2 Bb4 38. Rd5 Bd6 39. Rd2 Bb4 40. Rd5 Bd6 41.
Rd1 Bc5 42. Bd5 Rc7 43. Bxc5 Rxc5 44. Bxb7 a5 45. Bxc8 1-0

[Event "Indywidualne Mistrzostwa Polski do lat 20"]
[Site "Osrodek „SUDETY”, Pokrzywna 75"]
[Date "1899-12-30"]
[Round "6.9"]
[White "Kacprzak, Kacper"]
[Black "Sowinski, Pawel"]
[Result "1/2-1/2"]
[WhiteTitle "k"]
[BlackTitle "I++"]
[WhiteElo "2219"]
[BlackElo "2075"]

1. d4 d5 2. c4 c6 3. Nf3 e6 4. e3 Nf6 5. Nbd2 Nbd7 6. Bd3 Bd6 7. O-O O-O 8. e4
dxe4 9. Nxe4 Nxe4 10. Bxe4 h6 11. Bc2 e5 12. Qd3 f5 13. c5 Bc7 14. Qc4+ Kh8 15.
dxe5 Nxe5 16. Nxe5 Bxe5 17. Be3 Qf6 18. Rad1 Be6 19. Qb4 Bd5 20. Bb3 a5 21. Qa4
Bxb3 22. Qxb3 f4 23. Bc1 Bd4 24. Rd3 Bxc5 25. Qxb7 Rad8 26. Qb3 a4 27. Qc2 Qg6
28. Rc3 Qxc2 29. Rxc2 Bd4 30. Rxc6 Rb8 31. Rc4 Bxb2 32. Bxf4 Ra8 33. Be3 Rf7 34.
Rd1 a3 35. Kf1 Rb7 36. Ke2 Bf6 37. Rc2 Kh7 38. g3 Rb2 39. Rdd2 Rb1 1/2-1/2

[Event "Indywidualne Mistrzostwa Polski do lat 20"]
[Site "Osrodek „SUDETY”, Pokrzywna 75"]
[Date "1899-12-30"]
[Round "6.10"]
[White "Leskiewicz, Ignacy"]
[Black "Raczek, Krzysztof"]
[Result "0-1"]
[WhiteTitle "k"]
[BlackTitle "I++"]
[WhiteElo "2177"]
[BlackElo "2029"]

1. e4 c5 2. Nf3 d6 3. d4 cxd4 4. Nxd4 Nf6 5. Nc3 Nc6 6. Bg5 e6 7. Qd2 a6 8. O-O-O
Bd7 9. f4 b5 10. Bxf6 gxf6 11. Nxc6 Bxc6 12. f5 b4 13. Ne2 e5 14. Qxb4 d5 15.
Qc3 Rc8 16. exd5 Ba4 17. Qe3 Bxc2 18. Rd2 h5 19. Nc3 Bh6 20. Qf3 Ba4 21. Bxa6
Rc5 22. Kb1 Bxd2 23. Nxa4 Rxd5 24. Rd1 Kf8 25. Bc4 Rd4 26. Qb3 Qd7 27. Nc5 Qc6
28. Qa3 Bb4 29. Ne6+ Qxe6 30. Qxb4+ Qe7 31. Qb3 Rxd1+ 32. Qxd1 e4 33. a4 Qe5 34.
Qd7 Qe7 35. Qb5 Kg7 36. a5 Qd6 37. a6 Rb8 38. Qd5 Qe7 39. b3 Rd8 40. Qa5 e3 41.
Be2 Qe4+ 42. Kc1 Rd2 0-1

[Event "Indywidualne Mistrzostwa Polski do lat 20"]
[Site "Osrodek „SUDETY”, Pokrzywna 75"]
[Date "1899-12-30"]
[Round "6.11"]
[White "Golis, Wiktor"]
[Black "Malek, Jan"]
[Result "1/2-1/2"]
[WhiteTitle "I"]
[BlackTitle "I++"]
[WhiteElo "1553"]
[BlackElo "2149"]

1. e4 e5 2. Nf3 Nc6 3. Bb5 a6 4. Ba4 Nf6 5. O-O Be7 6. Re1 b5 7. Bb3 d6 8. c3 O-O
9. h3 Bb7 10. d4 Nd7 11. d5 Na5 12. Bc2 c6 13. dxc6 Nxc6 14. Nbd2 Re8 15. Nf1
Bf8 16. Ne3 Ne7 17. a4 Nc5 18. Nd5 Nxd5 19. exd5 g6 20. Be3 Qc7 21. axb5 axb5
22. Qd2 f5 23. Ng5 Rxa1 24. Rxa1 Ra8 25. Rxa8 Bxa8 26. Bxc5 Qxc5 27. Bb3 Bh6 28.
h4 Bb7 29. Kh2 Bc8 30. g3 Bd7 31. Kg2 Qc7 32. Qe2 Bxg5 33. hxg5 Qc5 34. Qe1 Bc8
35. Qa1 Qc7 36. Qa8 Kf7 37. Qc6 Qb8 38. c4 bxc4 39. Bxc4 Ke7 40. Bb5 Kd8 41. Kg1
f4 42. gxf4 exf4 43. Kg2 Bg4 44. f3 Bf5 45. Qe8+ Kc7 46. Qc6+ Kd8 1/2-1/2

[Event "Indywidualne Mistrzostwa Polski do lat 20"]
[Site "Osrodek „SUDETY”, Pokrzywna 75"]
[Date "1899-12-30"]
[Round "6.12"]
[White "Mulawa, Cyprian"]
[Black "Redzisz, Michal"]
[Result "1/2-1/2"]
[WhiteTitle "I"]
[BlackTitle "FM"]
[WhiteElo "2010"]
[BlackElo "2261"]

1. e4 c6 2. Nc3 d5 3. Nf3 Bg4 4. h3 Bxf3 5. Qxf3 e6 6. g3 Nd7 7. Bg2 dxe4 8. Nxe4
Ngf6 9. O-O Nxe4 10. Qxe4 Nf6 11. Qe2 Be7 12. b3 O-O 13. Bb2 Re8 14. Rfe1 a5 15.
c4 a4 16. Bc3 axb3 17. axb3 Rxa1 18. Rxa1 Qb6 19. Qd1 Bb4 20. Bb2 e5 21. d4 exd4
22. Bxd4 c5 23. Bb2 Qe6 24. Qf3 b6 25. Ra8 Qe1+ 26. Kh2 Rxa8 27. Qxa8+ Qe8 28.
Bxf6 Qxa8 29. Bxa8 gxf6 30. Kg2 Kg7 1/2-1/2

[Event "Indywidualne Mistrzostwa Polski do lat 20"]
[Site "Osrodek „SUDETY”, Pokrzywna 75"]
[Date "1899-12-30"]
[Round "6.13"]
[White "Kazmierowski, Tymon"]
[Black "Wojdak, Jan"]
[Result "0-1"]
[WhiteTitle "I++"]
[BlackTitle "k"]
[WhiteElo "2077"]
[BlackElo "2178"]

1. e4 e5 2. Nf3 Nc6 3. Bc4 Nf6 4. d4 exd4 5. e5 d5 6. Bb5 Ne4 7. Nxd4 Bd7 8. Bxc6
bxc6 9. O-O Bc5 10. f3 Ng5 11. f4 Ne6 12. c3 g6 13. Be3 h5 14. Nd2 Bb6 15. N2b3
Qe7 16. Qf3 Ng7 17. Rae1 Rd8 18. Qg3 h4 19. Qf2 c5 20. Ne2 Ne6 21. Rd1 Bb5 22.
Rfe1 a5 23. f5 gxf5 24. Nf4 Nxf4 25. Qxf4 a4 26. Nc1 Qe6 27. b3 Bc6 28. Bf2 h3
29. g3 d4 30. c4 Ba5 31. Nd3 Bb7 32. Kf1 Bb6 33. Bg1 Rg8 34. Qf2 axb3 35. axb3
Bg2+ 36. Ke2 Ba5 37. Ra1 Bxe1 38. Rxe1 Ra8 39. Nxc5 Qc6 40. Na4 Rb8 41. Qxf5 Rxb3
42. Rc1 Qxa4 43. e6 Rb2+ 0-1

[Event "Indywidualne Mistrzostwa Polski do lat 20"]
[Site "Osrodek „SUDETY”, Pokrzywna 75"]
[Date "1899-12-30"]
[Round "6.14"]
[White "Budzisz, Adrian"]
[Black "Zalega, Maciej"]
[Result "1/2-1/2"]
[WhiteTitle "I++"]
[BlackTitle "I"]
[WhiteElo "1985"]
[BlackElo "1985"]

1. Nf3 Nf6 2. b3 g6 3. Bb2 Bg7 4. g3 O-O 5. Bg2 d5 6. c4 e6 7. O-O c6 8. e3 Nbd7
9. Qc2 b6 10. d4 Bb7 11. Nbd2 Rc8 12. Rac1 Qe7 13. Rfd1 Rfd8 14. h3 h6 15. Ne5
Nxe5 16. dxe5 Ne8 17. e4 d4 18. c5 Bxe5 19. Nc4 Qxc5 20. b4 Qxb4 21. Nxe5 c5 22.
h4 Nf6 23. f3 Ba6 24. a3 Qa5 25. f4 Bb5 26. Qf2 Bc6 27. Nxc6 Rxc6 28. e5 Nd5 29.
h5 Qa4 30. hxg6 fxg6 31. Be4 Kg7 32. g4 Rc7 33. f5 Ne3 34. f6+ Kh7 35. f7 Rf8
36. Qf6 Rfxf7 37. Qxg6+ Kh8 38. Rd2 Nxg4 39. Rg2 Rg7 40. Qxe6 Qd7 41. Qd6 Qxd6
42. exd6 Rcd7 43. Bxd4 cxd4 44. Rc8+ Rg8 45. Rxg8+ Kxg8 46. Rxg4+ Kf7 47. Rg6
h5 48. Rh6 Rd8 49. Kf2 Kg7 50. Rg6+ Kf7 51. Kg3 h4+ 52. Kxh4 Re8 53. Bf5 Re5 54.
Kg5 d3 55. Rf6+ Kg7 56. d7 Rd5 57. Re6 Kf7 58. Re8 Rxd7 59. Bxd7 d2 60. Ba4 d1=Q
61. Bxd1 Kxe8 62. Kf6 Kd7 63. Ke5 Kc6 64. Kd4 b5 65. Bb3 Kb6 66. Kd5 a6 67. Kd6
a5 68. Kd5 a4 1/2-1/2

[Event "Indywidualne Mistrzostwa Polski do lat 20"]
[Site "Osrodek „SUDETY”, Pokrzywna 75"]
[Date "1899-12-30"]
[Round "6.15"]
[White "Jarzebowski, Kacper"]
[Black "Maciejewski, Kamil"]
[Result "1-0"]
[WhiteTitle "k+"]
[BlackTitle "I++"]
[WhiteElo "2148"]
[BlackElo "1884"]

1. d4 Nf6 2. g3 d5 3. Bg2 e6 4. Nf3 c5 5. O-O cxd4 6. Nxd4 e5 7. Nb3 h6 8. Nc3
Be6 9. Qd3 Nc6 10. Rd1 Nb4 11. Qd2 Bf5 12. Nxd5 Nxc2 13. Qc3 Bd6 14. Ne3 Rc8 15.
Nxf5 Rxc3 16. Nxd6+ Qxd6 17. Rxd6 Rxb3 18. axb3 Nxa1 19. Bxb7 Nxb3 20. Be3 a5
21. Ra6 O-O 22. f3 Rb8 23. Ra8 Rxa8 24. Bxa8 Nd7 25. Bd5 Ndc5 26. Kf1 Kf8 27.
Ke1 Ke7 28. Kd1 Nd4 29. Bd2 Ndb3 30. Bc3 f6 31. e3 Kd6 32. Bc4 a4 33. h4 e4 34.
f4 Nd3 35. h5 Ke7 36. Ke2 Ndc1+ 37. Kf2 Nd3+ 38. Bxd3 exd3 39. e4 Nc1 40. Ke3
Ke6 41. Bd2 Ne2 42. Be1 Nc1 43. Kd2 Nb3+ 44. Kxd3 f5 45. Bb4 Nc1+ 46. Ke3 fxe4
47. Kxe4 Ne2 48. g4 Ng3+ 49. Kd3 Nf1 50. f5+ Kd5 51. g5 Ng3 52. f6 Nxh5 53. fxg7
Nxg7 54. gxh6 Ne6 55. h7 Nf4+ 56. Kc2 Ng6 57. Bc3 Kc4 58. h8=Q Nxh8 59. Bxh8 Kb4
60. Bf6 Kb5 61. Kb1 a3 62. b3 Kb4 63. Ka2 1-0

[Event "Indywidualne Mistrzostwa Polski do lat 20"]
[Site "Osrodek „SUDETY”, Pokrzywna 75"]
[Date "1899-12-30"]
[Round "6.16"]
[White "Rog, Bartlomiej"]
[Black "Stefaniuk, Zbigniew"]
[Result "1-0"]
[WhiteTitle "I++"]
[BlackTitle "II+"]
[WhiteElo "2075"]
[BlackElo "1601"]

1. Nf3 Nf6 2. c4 e6 3. g3 d5 4. Bg2 Be7 5. d4 O-O 6. O-O dxc4 7. Qc2 a6 8. a4 Bd7
9. Ne5 Bc6 10. Nxc6 Nxc6 11. e3 Nd5 12. Qxc4 Qd7 13. a5 Rad8 14. Nc3 Bb4 15. e4
Nxc3 16. bxc3 Be7 17. Bf4 Rfe8 18. d5 exd5 19. exd5 Na7 20. Qxc7 Nb5 21. Qxd7
Rxd7 22. Bh3 Rdd8 23. c4 Nd6 24. Rfc1 Bf6 25. Rab1 Be5 26. Be3 f5 27. Bf1 Rd7
28. c5 Ne4 29. c6 bxc6 30. dxc6 Rde7 31. Bxa6 Nc3 32. Rb3 Ne4 33. Rb7 Bc7 34.
Bb6 Bxb6 35. axb6 Rxb7 36. cxb7 Nd6 37. Rc8 1-0

[Event "Indywidualne Mistrzostwa Polski do lat 20"]
[Site "Osrodek „SUDETY”, Pokrzywna 75"]
[Date "1899-12-30"]
[Round "6.17"]
[White "Maslanka, Wojciech"]
[Black "Panek, Bartosz"]
[Result "1-0"]
[WhiteTitle "I"]
[BlackTitle "I++"]
[WhiteElo "1907"]
[BlackElo "2073"]

1. e4 c6 2. d4 d5 3. e5 Bf5 4. h4 h5 5. c4 e6 6. Nc3 Ne7 7. Nge2 Nd7 8. Ng3 Bg6
9. Be3 Nb6 10. c5 Nd7 11. Be2 Nf5 12. Nxf5 Bxf5 13. g3 Bg6 14. b4 b6 15. O-O Be7
16. b5 bxc5 17. bxc6 Nb8 18. c7 Qxc7 19. Nb5 Qd7 20. dxc5 O-O 21. Nd6 Nc6 22.
Bf4 f6 23. Bb5 a6 24. Ba4 Rab8 25. Rc1 Rb4 26. Re1 fxe5 27. Bxe5 Rxa4 28. Qxa4
Nxe5 29. Qxd7 Nxd7 30. Rxe6 Bxd6 31. Rxd6 Nf6 32. Rxa6 Bd3 33. Rb6 Rc8 34. a4
Kf7 35. a5 Bc4 36. a6 Rxc5 37. Ra1 Bxa6 38. Raxa6 Rc7 39. Ra5 Re7 40. Kf1 Rc7
41. Rab5 Rc1+ 42. Kg2 Rc2 43. Rb2 Rc8 44. Rb7+ Kg6 45. Ra2 Rd8 46. Raa7 Rg8 47.
f3 Kh6 48. Kf2 Kg6 49. Ke3 Kh6 50. Kf4 Rf8 51. Rxg7 Nd7+ 52. Ke3 Re8+ 53. Kf2
Kxg7 54. Rxd7+ Kg6 55. Rd6+ Kg7 56. Rxd5 Kg6 57. g4 hxg4 58. fxg4 Re6 59. Kg3
Ra6 60. Rd4 Rb6 61. h5+ Kf6 62. Kf4 Rb1 63. g5+ Ke6 64. Re4+ Kf7 65. Kg4 Rg1+
66. Kf5 Rf1+ 67. Rf4 Ra1 68. Kg4+ Kg7 69. h6+ Kg6 70. Rf6+ Kh7 71. Rf7+ Kg8 72.
Rg7+ Kh8 73. Re7 Kg8 74. Kh5 Rb1 75. Re5 Ra1 76. Rf5 Ra8 77. Rb5 Rc8 78. Re5 Ra8
79. g6 Rf8 80. h7+ Kh8 81. Kh6 1-0

[Event "Indywidualne Mistrzostwa Polski do lat 20"]
[Site "Osrodek „SUDETY”, Pokrzywna 75"]
[Date "1899-12-30"]
[Round "6.18"]
[White "Radzimski, Antoni"]
[Black "Trybus, Daniel"]
[Result "0-1"]
[WhiteTitle "I"]
[BlackTitle "k"]
[WhiteElo "1613"]
[BlackElo "2067"]

1. e4 Nf6 2. e5 Nd5 3. c4 Nb6 4. d4 d6 5. exd6 cxd6 6. Nc3 g6 7. Be3 Bg7 8. Rc1
O-O 9. b3 Bf5 10. Nf3 d5 11. c5 Nc8 12. Be2 Bg4 13. h3 Bxf3 14. Bxf3 e6 15. O-O
Nc6 16. Qd2 N8e7 17. Rfd1 Nf5 18. Ne2 Nh4 19. Ng3 Nxf3+ 20. gxf3 Qd7 21. Kg2 Rfb8
22. h4 h5 23. Ne2 b6 24. Bh6 Bf6 25. Qf4 Bh8 26. Ng3 Kh7 27. Bg5 Bg7 28. Kh1 bxc5
29. Rxc5 Rb4 30. Qc1 Rc8 31. Be3 e5 32. a3 Rxb3 33. Qc2 Qh3+ 34. Kg1 Rxe3 35.
Rxc6 Rxc6 36. Qxc6 Rxf3 37. Qxd5 Qg4 38. dxe5 Bxe5 39. Qxe5 Rxg3+ 40. fxg3 Qxd1+
41. Kg2 Qc2+ 42. Kf3 Qb3+ 43. Kf4 Qxa3 44. Kg5 Qa2 45. Qc5 a5 46. Qf8 Qd5+ 47.
Kf4 a4 48. Qa3 Qc4+ 49. Kg5 Qe6 0-1

[Event "Indywidualne Mistrzostwa Polski do lat 20"]
[Site "Osrodek „SUDETY”, Pokrzywna 75"]
[Date "1899-12-30"]
[Round "6.19"]
[White "Sidorczuk, Pawel"]
[Black "Jedrusik, Adam"]
[Result "1/2-1/2"]
[WhiteTitle "I+"]
[BlackTitle "I++"]
[WhiteElo "1887"]
[BlackElo "1995"]

1. e4 c6 2. Nc3 d5 3. d4 dxe4 4. Nxe4 Nf6 5. Nxf6+ exf6 6. c3 Bd6 7. Bd3 O-O 8.
Qc2 Re8+ 9. Ne2 h5 10. O-O h4 11. h3 Nd7 12. Bf4 Nf8 13. Bxd6 Qxd6 14. Qd2 Bd7
15. Qf4 Qxf4 16. Nxf4 Ne6 17. Nxe6 Bxe6 18. Rfe1 Bd5 19. a3 a5 20. g3 hxg3 21.
fxg3 g6 22. Kf2 Re6 23. Rxe6 Bxe6 24. h4 Kg7 25. Re1 a4 26. Kf3 f5 27. Re5 Kf6
28. Kf4 b6 29. Be2 Rd8 30. Bf3 Bd5 31. Bxd5 Rxd5 32. Re8 Rb5 33. Re2 Rb3 34. Kf3
Kg7 35. Kf4 Kf6 36. Ke4 Ke5+ 1/2-1/2

[Event "Indywidualne Mistrzostwa Polski do lat 20"]
[Site "Osrodek „SUDETY”, Pokrzywna 75"]
[Date "1899-12-30"]
[Round "6.20"]
[White "Warchol, Kamil"]
[Black "Bartoszczuk, Adam"]
[Result "1-0"]
[WhiteTitle "CM"]
[BlackTitle "I"]
[WhiteElo "1956"]
[BlackElo "1380"]

1. e4 c5 2. f4 d5 3. exd5 Qxd5 4. Nc3 Qd8 5. Nf3 Nf6 6. b3 a6 7. a4 Nc6 8. Bc4
Bf5 9. Ne5 Nxe5 10. fxe5 Ng4 11. e6 fxe6 12. Qe2 Qd4 13. a5 Qe5 14. Bb2 Qxe2+
15. Bxe2 Nf6 16. O-O-O O-O-O 17. Na4 Ne4 18. Rhf1 Rg8 19. Be5 Kd7 20. d3 Nf6 21.
Nxc5+ Kc6 22. b4 Nd5 23. Bf3 Kb5 24. Nxb7 Rd7 25. Nc5 Rd8 26. Bxd5 Rxd5 27. c4+
Kxb4 28. Nxa6+ Kxa5 29. cxd5 Kxa6 30. Kc2 1-0